000 00426nam a2200157Ia 4500
008 100122s9999 xx 000 0 und d
082 _b74950
_a81
100 _aघारे दीपक
245 _aविचारक्षितिजे
250 _a1
260 _c2008
300 _a160
630 _aविचारक्षितिजे
730 _aविचारक्षितिजे
942 _cBOOK
999 _c390974
_d390971